| 000 | 00651nam a2200193 i 4500 | ||
|---|---|---|---|
| 001 | 34189 | ||
| 003 | ES-MaACL | ||
| 007 | t| | ||
| 008 | 030204s1953 sp ||||1| spa d | ||
| 100 | 1 |
_aBoganelli, Eleuterio. _929795 |
|
| 245 | 1 | 0 |
_aCuerpo y espíriti / _cEleuterio Boganelli ; [traducción del original italiano por Antonio A. de Linares y Grund]. |
| 260 |
_aMadrid : _bAtenas, _c[1953] ( _fMaribel) |
||
| 300 |
_a493 p. ; _c22 cm. |
||
| 490 | 1 |
_aRazonemos nuestra fé ; _v3 |
|
| 700 | 1 |
_aLinera y Grund, Antonio A. de. _972430 |
|
| 830 | 0 |
_aRazonemos nuestra fé ; _v3 _9182561 |
|
| 852 |
_aES-MaACL _jC-6109 _bR.35480 |
||
| 999 |
_c34189 _d34189 |
||